000 00312nam a2200121Ia 4500
008 240731s9999 xx 000 0 und d
022 _a1179-1322
245 0 _aCancer Management and Research
260 _bDove Medical Press
856 _uhttps://www.tandfonline.com/loi/dcmr20
942 _2ddc
942 _cTFEJ
999 _c75770
_d75770
945 _a1
_bMadushi Gamage
_c1
_dMadushi Gamage